[Event "Superbet Blitz GCT 2019"]
[Site "Bucharest"]
[Date "2019.11.10"]
[Round "11"]
[White "Korobov, Anton"]
[Black "Aronian, Levon"]
[Result "0-1"]
[WhiteElo "2670"]
[BlackElo "2772"]
[Annotator "TA"]
[PlyCount "51"]
[EventDate "2019.11.09"]
[EventType "tourn"]
[EventCountry "ROU"]
[SourceTitle "playchess.com"]
[Source "ChessBase"]
[SourceQuality "1"]

{[%evp 21,51,10,6,16,20,20,4,0,9,-26,-33,-58,-66,-58,-54,-77,-15,-31,0,0,0,-325,-328,-335,-337,-331,-327,-337,-326,-528,-526,-29999]} 1. d4 Nf6 2. c4 e6 3. Nc3 Bb4 4. Qc2 c5 5. dxc5 O-O 6. Nf3 Na6 {[%cal Bb8a6,Ba6c5,Bc5e4][%mdl 32]} 7. g3 Nxc5 8. Bg2 Nce4 9. O-O Nxc3 10. bxc3 Be7 11. e4 d6 12. e5 {E39: Nimzo-Indian: Classical: 4...c5 5 dxc5 0-0} dxe5 13. Nxe5 Qc7 14. Re1 {The position is equal.} (14. Qe2 Nd7 15. Bf4 Nxe5 16. Bxe5 Bd6 17. Rfe1 Rb8 18. Rad1 Bxe5 19. Qxe5 Qxe5 20. Rxe5 b6 21. c5 Ba6 22. c6 {½-½ (43) Nakamura,H (2781)-Caruana,F (2799) London 2017}) 14... Bd6 15. Bf4 Nh5 $1 {[#]} 16. Rad1 $146 ({Predecessor:} 16. c5 Qxc5 17. Nd3 Qc7 18. Bxd6 Qxd6 19. Rad1 Nf6 {1-0 (47) Fridman,D (2649)-Hjartarson,J (2529) Berlin 2015}) 16... Nxf4 17. gxf4 f6 $36 {[%mdl 2048] Black is more active.} 18. Qd3 Be7 ({Reject} 18... Bxe5 $6 19. fxe5 fxe5 20. Re3 $11) ({Much weaker is} 18... fxe5 $6 19. Qxd6 Qxd6 20. Rxd6 $11) (18... Ba3 $17 19. Nf3 (19. Nd7 $2 Rf7 $19) 19... Qxf4) 19. Be4 $1 $11 {[%cal Re4h7]} fxe5 20. Bxh7+ Kh8 21. Rxe5 $2 {[%mdl 8192] [#]} (21. Qh3 $11 Rxf4 22. Re4) 21... Rxf4 $19 22. Rh5 Rh4 23. Rxh4 Bxh4 24. Bg6 Qe7 25. Kf1 $2 {[#]} (25. Be4) 25... Qf6 $1 {[%csl Gh4][%cal Rf6f2]} 26. Qe4 {Accuracy: White = 46%, Black = 76%.} 0-1

[Event "Superbet Blitz GCT 2019"]
[Site "Bucharest"]
[Date "2019.11.10"]
[Round "12"]
[White "Aronian, Levon"]
[Black "Le, Quang Liem"]
[Result "1-0"]
[WhiteElo "2772"]
[BlackElo "2713"]
[Annotator "ChessBase"]
[PlyCount "123"]
[EventDate "2019.11.09"]
[EventType "tourn"]
[EventCountry "ROU"]
[SourceTitle "playchess.com"]
[Source "ChessBase"]
[SourceQuality "1"]
[TimeMode "Bronstein"]
[TimeControl "300+3"]

1. c4 {[%emt 0:00:00]} c5 {[%emt 0:00:00]} 2. Nc3 {[%emt 0:00:00]} Nc6 {[%emt 0:00:00]} 3. g3 {[%emt 0:00:00]} g6 {[%emt 0:00:00]} 4. Bg2 {[%emt 0:00:00]} Bg7 {[%emt 0:00:00]} 5. d3 {[%emt 0:00:00]} e6 {[%emt 0:00:12]} 6. h4 {[%emt 0:00:00]} h6 {[%emt 0:00:03]} 7. h5 {[%emt 0:00:00]} g5 {[%emt 0:00:03]} 8. f4 {[%emt 0:00:00]} d6 {[%emt 0:00:25]} 9. Bxc6+ {[%emt 0:00:04]} bxc6 {[%emt 0:00:03]} 10. Nf3 {[%emt 0:00:19]} g4 {[%emt 0:00:12]} 11. Nd2 {[%emt 0:00:17]} f5 {[%emt 0:00:12]} 12. Qa4 {[%emt 0:00:03]} Ne7 {[%emt 0:00:10]} 13. Nb3 {[%emt 0:00:05]} O-O {[%emt 0:00:39]} 14. Bd2 {[%emt 0:00:05]} Bd7 {[%emt 0:00:03]} 15. Qa5 {[%emt 0:00:23]} Qb8 {[%emt 0:00:21]} 16. O-O-O {[%emt 0:00:09]} Kh7 {[%emt 0:00:16]} 17. e4 {[%emt 0:00:19]} e5 {[%emt 0:00:03]} 18. Rhf1 {[%emt 0:00:25]} fxe4 {[%emt 0:00:29]} 19. Nxe4 {[%emt 0:00:09]} Nf5 {[%emt 0:00:03]} 20. fxe5 {[%emt 0:00:15]} Bxe5 {[%emt 0:00:03]} 21. Bf4 {[%emt 0:00:11]} Qe8 {[%emt 0:00:53]} 22. Rde1 {[%emt 0:00:46]} Bxf4+ {[%emt 0:00:22]} 23. Rxf4 {[%emt 0:00:03]} Qd8 {[%emt 0:00:07]} 24. Qc3 {[%emt 0:00:28]} Rf7 {[%emt 0:00:05]} 25. d4 {[%emt 0:00:13]} cxd4 {[%emt 0:00:17]} 26. Nxd4 {[%emt 0:00:03]} Qh8 {[%emt 0:00:03]} 27. Nxf5 {[%emt 0:00:20]} Qxc3+ {[%emt 0:00:03]} 28. bxc3 {[%emt 0:00:04]} Rxf5 {[%emt 0:00:08]} 29. Nf6+ {[%emt 0:00:03]} Kg7 {[%emt 0:00:05]} 30. Nxd7 {[%emt 0:00:03]} Rxf4 {[%emt 0:00:03]} 31. gxf4 {[%emt 0:00:03]} Kf7 {[%emt 0:00:03]} 32. c5 {[%emt 0:00:28]} Rd8 {[%emt 0:00:03]} 33. Rg1 {[%emt 0:00:08]} Rxd7 {[%emt 0:00:03]} 34. Rxg4 {[%emt 0:00:03]} dxc5 {[%emt 0:00:22]} 35. Rg6 {[%emt 0:00:03]} Rd3 {[%emt 0:00:03]} 36. Kb2 {[%emt 0:00:04]} Rd2+ {[%emt 0:00:05]} 37. Ka3 {[%emt 0:00:11]} Rd3 {[%emt 0:00:15]} 38. Kb3 {[%emt 0:00:03]} Rf3 {[%emt 0:00:03]} 39. Rxh6 {[%emt 0:00:05]} c4+ {[%emt 0:00:03]} 40. Kxc4 {[%emt 0:00:14]} Rxf4+ {[%emt 0:00:03]} 41. Kc5 {[%emt 0:00:07]} Ra4 {[%emt 0:00:03]} 42. Rxc6 {[%emt 0:00:07]} Rxa2 {[%emt 0:00:03]} 43. c4 {[%emt 0:00:03]} a5 {[%emt 0:00:08]} 44. Ra6 {[%emt 0:00:03]} Ke7 {[%emt 0:00:03]} 45. h6 {[%emt 0:00:03]} Rh2 {[%emt 0:00:03]} 46. h7 {[%emt 0:00:05]} Rh5+ {[%emt 0:00:10]} 47. Kb6 {[%emt 0:00:03]} Kd6 {[%emt 0:00:03]} 48. c5+ {[%emt 0:00:03]} Kd5 {[%emt 0:00:03]} 49. c6 {[%emt 0:00:05]} Kd6 {[%emt 0:00:04]} 50. Rxa5 {[%emt 0:00:06]} Rxh7 {[%emt 0:00:03]} 51. Ra1 {[%emt 0:00:03]} Rh2 {[%emt 0:00:03]} 52. Rd1+ {[%emt 0:00:03]} Ke7 {[%emt 0:00:03]} 53. c7 {[%emt 0:00:03]} Rb2+ {[%emt 0:00:03]} 54. Kc6 {[%emt 0:00:03]} Rc2+ {[%emt 0:00:03]} 55. Kb7 {[%emt 0:00:03]} Rb2+ {[%emt 0:00:03]} 56. Kc8 {[%emt 0:00:03]} Rb4 {[%emt 0:00:05]} 57. Re1+ {[%emt 0:00:03]} Kf7 {[%emt 0:00:03]} 58. Kd7 {[%emt 0:00:03]} Rd4+ {[%emt 0:00:03]} 59. Kc6 {[%emt 0:00:03]} Rc4+ {[%emt 0:00:03]} 60. Kd6 {[%emt 0:00:03]} Rc2 {[%emt 0:00:03]} 61. Re5 {[%emt 0:00:03]} Rd2+ {[%emt 0:00:03]} 62. Rd5 {[%emt 0:00:03]} 1-0

[Event "Superbet Blitz GCT 2019"]
[Site "Bucharest"]
[Date "2019.11.10"]
[Round "12"]
[White "So, Wesley"]
[Black "Caruana, Fabiano"]
[Result "1-0"]
[WhiteElo "2760"]
[BlackElo "2822"]
[Annotator "TA"]
[PlyCount "35"]
[EventDate "2019.11.09"]
[EventType "tourn"]
[EventCountry "ROU"]
[SourceTitle "playchess.com"]
[Source "ChessBase"]
[SourceQuality "1"]

{[%evp 13,35,0,2,0,15,-25,-15,-35,11,-15,-20,-75,-3,-32,29988,29989,29989,29988,29990,29989,29989,2598,29990,29991]} 1. Nf3 d5 2. e3 Nf6 3. c4 e6 4. Nc3 Be7 5. b3 O-O 6. Bb2 c5 7. cxd5 Nxd5 8. Qb1 {A13: English Opening: 1...e6} (8. Nxd5 exd5 9. d4 Nc6 10. Be2 cxd4 11. Nxd4 Qa5+ 12. Kf1 Nxd4 13. Bxd4 Bf5 14. Bd3 Be4 15. Bxe4 dxe4 {1-0 (49) Nakamura,H (2761)-So,W (2754) Abidjan 2019}) 8... Nc6 9. h4 b6 10. Bb5 $146 {The position is equal.} ({Predecessor:} 10. Ng5 f5 11. g4 h6 12. Bb5 Ne5 13. f4 Nxg4 14. Bc6 Nxc3 15. Bxc3 Rb8 {0-1 (63) Pilaj,H (2341)-Spindelboeck,G (2204) Austria 2018}) 10... Qc7 11. h5 h6 12. Rh3 (12. g4 $11 {remains equal.} Nxc3 13. Bxc3) 12... Bd7 (12... Nf6 $17) 13. Rg3 f6 $2 {[%mdl 8192] [#]} (13... Nf6 $15) 14. Rxg7+ $3 {[%mdl 512]} Kxg7 15. Qg6+ Kh8 16. Qxh6+ Kg8 17. Qg6+ Kh8 18. Bd3 {Accuracy: White = 34%, Black = 51%.} 1-0

[Event "Superbet Blitz GCT 2019"]
[Site "Bucharest"]
[Date "2019.11.10"]
[Round "12"]
[White "Anand, Viswanathan"]
[Black "Korobov, Anton"]
[Result "1-0"]
[WhiteElo "2757"]
[BlackElo "2670"]
[Annotator "TA"]
[PlyCount "65"]
[EventDate "2019.11.09"]
[EventType "tourn"]
[EventCountry "ROU"]
[SourceTitle "playchess.com"]
[Source "ChessBase"]
[SourceQuality "1"]

{[%evp 15,65,21,32,0,0,4,22,0,20,14,17,19,38,29,29,25,38,46,39,-1,22,34,106,81,204,127,132,133,203,145,307,304,293,227,216,230,254,275,240,0,106,80,108,103,86,84,144,138,533,520,1672,1537]} 1. e4 c5 2. Nf3 d6 3. d4 cxd4 4. Nxd4 Nf6 5. Nc3 a6 6. Be3 e5 7. Nf3 Qc7 8. a4 h6 9. Be2 {B90: Sicilian Najdorf: Unusual White 6th moves, 6 Be3 Ng4 and 6 Be3 e5} Be6 10. O-O Be7 11. a5 {The position is equal.} Nbd7 12. Nd5 Nxd5 13. exd5 Bf5 14. c4 O-O 15. b4 Bh7 (15... Rac8 16. Rc1 Bh7 17. Nd2 f5 18. f3 Bg5 19. Qb3 Kh8 {½-½ (41) Anand,V (2773)-Korobov,A (2698) St Petersburg 2018}) 16. Qb3 f5 $146 ({Predecessor:} 16... Kh8 17. Rfc1 Rac8 18. Rd1 f5 19. Rac1 f4 {1-0 (53) Nevednichy,V (2538)-Nemeth,F (2451) Cluj 2008}) 17. c5 Kh8 {[%cal Rd6c5]} (17... f4 $5 {[%cal Rf4e3]} 18. cxd6 Bxd6 $11) 18. Rac1 dxc5 (18... Bg8 $14) 19. bxc5 $16 {Threatens to win with d6.} Nxc5 (19... Bg8 $16) 20. Qc3 {[%cal Re3c5]} Rac8 21. Nxe5 Qd8 (21... Bd6 $16) 22. Rfd1 {And now d6! would win.} f4 $2 (22... Bd6 $16 {was worth a try.} 23. Nc4 Ne4) 23. Bd4 $18 ({Weaker is} 23. Bxc5 Rxc5 24. Qd2 f3 $11) 23... Bf5 24. Nc4 Bf6 {[#]} 25. Bxf6 $1 Rxf6 26. Nb6 Rc7 27. Qb4 $2 ({White should play} 27. Bf3 $18) 27... Ne4 (27... f3 $1 $11 28. Bb5 Qf8) 28. Bf3 $36 {[%mdl 2048] White has strong initiative.} Nd6 29. Re1 Rxc1 30. Rxc1 Bg6 (30... Kg8 $142) 31. Bg4 $16 {Black must now prevent Nd7.} Kh7 $2 {[%mdl 8192]} (31... Bf5 $16 {is a better chance.}) 32. Nd7 $18 Ne4 {[#]} (32... f3 $142 33. Nxf6+ Qxf6 34. Bxf3 Kh8) 33. Rc8 $1 {[%mdl 512] Accuracy: White = 61%, Black = 26%.} 1-0

[Event "Superbet Blitz GCT 2019"]
[Site "Bucharest"]
[Date "2019.11.10"]
[Round "12"]
[White "Karjakin, Sergey"]
[Black "Giri, Anish"]
[Result "1/2-1/2"]
[WhiteElo "2754"]
[BlackElo "2776"]
[Annotator "TA"]
[PlyCount "134"]
[EventDate "2019.11.09"]
[EventType "tourn"]
[EventCountry "ROU"]
[SourceTitle "playchess.com"]
[Source "ChessBase"]
[SourceQuality "1"]

{[%evp 15,134,24,38,27,21,0,28,0,0,-14,0,0,0,0,0,0,4,0,27,0,-1,-14,0,-31,0,-43,-37,-44,-30,-21,-33,-77,-6,-10,-18,-15,-13,-16,-16,-14,0,0,6,0,13,0,6,0,0,-12,-11,-10,0,0,43,42,43,42,146,156,150,0,0,0,71,68,105,110,106,89,93,107,127,65,47,30,121,0,0,0,31,29,37,0,29,29,29,27,77,0,0,0,0,-8,0,0,0,0,0,0,0,0,0,0,0,-8,-8,-8,-8,-8,-8,-8,-8,-8,0,0,0,-8,-8,-8,0]} 1. d4 d5 2. Nf3 Nf6 3. e3 Bf5 4. c4 c6 5. Nc3 e6 6. Nh4 Be4 7. f3 Bg6 8. Qb3 Qc7 9. Bd2 {D12: Slav Defence: 3 Nf3 Nf6 4 e3 Bf5} Be7 10. cxd5 (10. g3 Nbd7 11. Rc1 dxc4 12. Bxc4 O-O 13. O-O e5 14. Nxg6 hxg6 15. Qc2 exd4 16. exd4 Nb6 {1-0 (34) Karjakin,S (2748)-Giri,A (2779) Riga 2019}) 10... cxd5 11. Bb5+ $146 {White has an edge.} ({Predecessor:} 11. Nxg6 hxg6 12. Bd3 Nc6 13. Ne2 a6 14. Rc1 Rc8 15. h3 O-O 16. O-O Qd7 {1-0 (132) Ghaem Maghami,E (2544)-Yu,Y (2763) Khanty-Mansiysk 2019}) 11... Nc6 12. O-O O-O 13. Nxg6 hxg6 14. Rfc1 Bd6 15. h3 Qe7 16. Ne2 Nd8 17. Be1 a6 18. Bd3 $1 Nc6 19. Bh4 Rfc8 20. Qd1 e5 21. a3 Qe6 22. Qd2 Re8 23. Rf1 e4 (23... exd4 $17 24. exd4 Nxd4 {[%mdl 64] Remove Defender} 25. Nxd4 Qe5) 24. Bc2 exf3 25. Rxf3 Ne4 26. Bxe4 Qxe4 27. Bg3 Bxg3 28. Nxg3 Qe6 29. Raf1 Re7 30. Ne2 Rae8 31. Nf4 Qd6 32. Qc3 g5 33. Ne2 Nb8 34. Qb3 Nd7 35. Ng3 {Hoping for Nf5.} g6 36. e4 $1 $36 {[%mdl 2048] Black is under pressure.} Rf8 {[#]} (36... f6 $14) 37. e5 $1 $16 {[%cal Re5d6]} ({Don't take} 37. exd5 $6 f5 $14) ({Reject} 37. Qxd5 $6 Qxd5 38. exd5 f5 $11) 37... Qe6 38. Rc3 (38. Qd3 $16) 38... f6 $11 39. exf6 Rxf6 (39... Nxf6 $11 40. Rcf3 Rff7) 40. Qxb7 $16 Rxf1+ 41. Nxf1 {Threatens to win with Re3.} Nf6 42. Qc8+ Qxc8 43. Rxc8+ {[%mdl 4096] Endgame KRN-KRN} Kf7 44. Rc6 (44. Nh2 $16) 44... Re2 $14 45. b4 Ne4 (45... Re1 $1 $11 {keeps the balance.}) 46. g4 (46. Kh2 $16) 46... Ra2 $11 47. Ne3 Ra1+ 48. Kg2 Ra2+ 49. Kf1 (49. Rc2 $5 {[%cal Rc2a2]} Rxa3 50. Nxd5 $16) 49... Rxa3 50. Nxd5 Rxh3 51. Rxa6 Rd3 52. b5 ({White should try} 52. Ke2 $16 Rxd4 53. Ra7+ Kf8 54. Ke3 Rxd5 55. Kxe4) 52... Rxd4 {The position is equal.} 53. Ra7+ Ke6 54. Nc7+ Ke5 55. b6 Rb4 56. Ra5+ Kd6 57. Rb5 Rxb5 58. Nxb5+ {KN-KN} Kc6 {[%mdl 64] [#] Double Attack} 59. Nd4+ Kxb6 60. Ne6 Kc6 61. Nf8 Nf6 62. Nxg6 Kd6 63. Kg2 Ke6 64. Kh3 Nd5 65. Kg3 Nf6 66. Nf4+ gxf4+ 67. Kxf4 Nxg4 {Accuracy: White = 49%, Black = 43%.} 1/2-1/2

[Event "Superbet Blitz GCT 2019"]
[Site "Bucharest"]
[Date "2019.11.10"]
[Round "12"]
[White "Artemiev, Vladislav"]
[Black "Mamedyarov, Shakhriyar"]
[Result "1/2-1/2"]
[WhiteElo "2731"]
[BlackElo "2772"]
[Annotator "TA"]
[PlyCount "163"]
[EventDate "2019.11.09"]
[EventType "tourn"]
[EventCountry "ROU"]
[SourceTitle "playchess.com"]
[Source "ChessBase"]
[SourceQuality "1"]

{[%evp 17,163,11,21,16,7,14,21,21,34,39,62,62,62,0,25,-38,-50,-41,-13,-29,-15,-25,-12,-12,-24,-25,-25,-18,-8,-49,-29,-12,-15,-29,0,-39,-20,-112,0,-4,-14,-10,0,0,0,-58,-53,-112,-105,-242,-222,-227,-76,-94,-103,-84,-34,-41,-52,-38,-23,-33,-39,-37,-29,-46,-40,-45,-45,-63,-68,-91,-107,-151,-150,-158,-45,-53,-16,-55,-30,-95,-30,-31,-31,-30,-29,-29,-33,-108,-89,-100,-72,-71,-71,-120,-83,-78,0,-46,-35,-90,-90,-177,-152,-81,-50,-50,-49,-50,-50,-56,-56,-56,-41,-41,-8,-8,-8,-8,-8,-41,-41,-41,-41,-41,-41,-41,0,0,0,0,0,0,0,0,0,0,0,0,0,0,0,0,0,0,0,0]} 1. c4 Nf6 2. Nc3 e5 3. g3 Bb4 4. Bg2 O-O 5. Nf3 Nc6 6. O-O Re8 7. Ne1 d6 8. Nc2 a5 9. d3 Bc5 10. Rb1 {A29: English Opening: Four Knights Variation with 4 g3} h6 11. a3 Nd4 (11... Bb6 12. h3 Ne7 13. e4 c6 14. Be3 Ng6 15. d4 a4 16. d5 cxd5 17. cxd5 Nd7 18. Bxb6 Qxb6 {0-1 (60) Vitiugov,N (2738)-Khismatullin,D (2679) Kazan 2014}) 12. b4 Ba7 $146 ({Predecessor:} 12... axb4 13. axb4 Bb6 14. h3 c6 15. e3 Nxc2 16. Qxc2 {½-½ (35) Rehbein,D-Reichenbach,W (2255) Germany 1977}) 13. bxa5 c6 14. a6 bxa6 15. Nb4 (15. Nxd4 $14 Bxd4 16. Bxc6) 15... Bd7 16. h3 (16. Nxa6 $11 Qc8 17. Nb4) 16... Qc8 $15 17. Kh2 a5 18. Nc2 Ne6 19. Be3 Ng5 20. Bxg5 hxg5 21. Qd2 g4 $36 {[%cal Rg4h3][%mdl 2048] Black has good play.} 22. h4 Be6 23. Ne3 Qd7 24. Na4 Qc7 25. c5 dxc5 26. Nc4 e4 27. Rfc1 (27. Nab2 $11 {keeps the balance.}) 27... exd3 (27... Bxc4 $17 28. Rxc4 {[#]} e3 $1 {[%mdl 512]}) 28. exd3 $11 Bd5 29. Re1 Red8 30. Qc3 Bf3 31. Qe5 ({Better is} 31. Kg1 $11) 31... Qxe5 $15 32. Nxe5 {[#]} (32. Rxe5 $15 Rxd3 33. Rb7) 32... c4 $1 $17 {[%cal Rc4d3][%mdl 576] Discovered Attack} 33. dxc4 (33. Nxf3 $17 gxf3 34. Bxf3) 33... Bxf2 $19 34. Rf1 Rd2 $2 (34... Ne4 $19 {has better winning chances.} 35. Nxf3 Bxg3+ 36. Kg1 gxf3 37. Rxf3 Nd2 38. Rxg3 Nxb1 39. Bxc6 Rd1+ 40. Kg2 Rb8) 35. Nxf3 $17 gxf3 36. Bxf3 Re8 37. Rb2 Rxb2 38. Nxb2 Bc5 39. Nd3 Bxa3 40. Bxc6 Re3 41. Nf4 Bd6 42. Ra1 Bc7 43. Kg2 Rc3 44. Bb5 Ne4 45. Nd5 Rxg3+ 46. Kf1 Be5 (46... Rh3 $17 {White must now prevent ...Rh1+.} 47. Re1 Rh1+ 48. Ke2 Rxe1+ 49. Kxe1 Bg3+ 50. Ke2 Bxh4) 47. Rxa5 $15 Bd4 48. Ke2 Rh3 49. Bd7 (49. Ra8+ $11 Kh7 50. Bd7 Rxh4 51. Bf5+ g6 52. Bxe4 Rxe4+ 53. Kd3) 49... Rxh4 (49... Rh2+ $17 50. Kd3 Nc5+ {[%mdl 64] Double Attack} 51. Kxd4 Nb3+ {[%mdl 64] Double Attack} 52. Kc3 Nxa5) 50. Ra8+ $11 Kh7 51. Bf5+ g6 52. Bxe4 $1 Rxe4+ {[%mdl 4096] Endgame KRB-KRN} 53. Kf3 (53. Kd3 $15 Rh4 54. Ra5) 53... Re1 (53... Re6 {is interesting.} 54. Rd8 Kg7 55. Rd7 Rc6 56. Nf4 Bb6) 54. Rc8 Re5 55. Nf6+ Kg7 56. Ne4 Rf5+ 57. Ke2 Re5 (57... Rf4 $17 58. Kd3 Be5) 58. Kd3 (58. Kf3 {with more complications.}) 58... Bg1 59. Rc7 (59. c5 $15) 59... g5 $17 60. Nd6 (60. c5 $17) 60... Re3+ $19 61. Kd2 ({White should play} 61. Kc2 Rf3 62. c5) 61... Re6 62. Nxf7 Kg6 63. Nxg5 Be3+ 64. Kd3 Bxg5 $15 {KRB-KR} 65. c5 Bf4 66. Rd7 Re1 {Strongly threatening ...Rd1+.} 67. Kc4 Rc1+ 68. Kd5 Kf6 69. Rh7 Rd1+ 70. Kc6 Ke6 71. Rh4 Be5 72. Rh6+ Bf6 73. Kc7 {The position is equal.} Ke7 74. Rh7+ Ke6 75. Rh6 Rd7+ 76. Kb6 Rf7 77. c6 Kd5 78. c7 Bd4+ $1 79. Kb7 Be5 80. Rc6 Re7 81. Rc1 Rxc7+ 82. Rxc7 {Accuracy: White = 46%, Black = 54%.} 1/2-1/2

[Event "Superbet Blitz GCT 2019"]
[Site "Bucharest"]
[Date "2019.11.10"]
[Round "13"]
[White "Caruana, Fabiano"]
[Black "Giri, Anish"]
[Result "1/2-1/2"]
[WhiteElo "2822"]
[BlackElo "2776"]
[Annotator "TA"]
[PlyCount "121"]
[EventDate "2019.11.09"]
[EventType "tourn"]
[EventCountry "ROU"]
[SourceTitle "playchess.com"]
[Source "ChessBase"]
[SourceQuality "1"]

{[%evp 15,121,6,7,5,7,5,0,2,24,15,17,-11,-16,-34,-32,-37,-22,-13,31,19,32,0,19,4,25,0,0,-25,-14,-81,-50,-44,-34,-29,-11,-51,76,86,100,104,96,94,289,286,354,187,152,76,83,83,95,45,100,0,0,-15,-8,-65,-56,-33,-16,-141,-130,-298,-291,-276,-272,-259,-247,-339,-294,-329,-319,-477,-477,-430,-450,-372,-43,-122,-89,-208,-206,-213,-144,-219,0,-156,-114,-596,-381,-624,-624,-624,-548,-462,-462,-418,-403,-317,-11,-11,-11,-11,-10,-10,-10,-10]} 1. e4 c5 2. Nc3 d6 3. Nge2 Nf6 4. g3 g6 5. Bg2 Bg7 6. d3 Nc6 7. O-O O-O 8. h3 Rb8 9. a3 {B25: Closed Sicilian: 3 g3, lines without early Be3} (9. f4 Nd7 10. a4 a6 11. Nd5 e6 12. Ne3 b5 13. axb5 axb5 14. f5 Bb7 15. Nf4 Qe7 16. c3 b4 17. Bd2 Ra8 18. fxe6 fxe6 {1-0 (35) Predke,A (2632)-Volokitin,A (2636) Riga 2019}) 9... b5 10. Rb1 a5 11. a4 bxa4 12. Nxa4 Bd7 $146 ({Predecessor:} 12... Nd7 13. Bd2 Qc7 14. b3 Bb7 15. Nec3 Nb4 {½-½ (32) Franzoni,G (2440)-Zahn,W (2315) Biel 1993}) 13. Be3 Nd4 14. Nac3 Ne8 15. Bg5 h6 16. Bd2 Nc6 17. f4 e6 18. f5 Ne5 19. g4 Kh7 20. Nf4 Bf6 21. Nce2 Ng7 22. b3 (22. Ng3 $11 {remains equal.}) 22... a4 23. bxa4 Rxb1 24. Qxb1 Bxa4 25. c3 Bc6 (25... g5 $15 {stays ahead.} 26. Nh5 Nxh5 27. gxh5 Kh8) 26. d4 $16 Nc4 27. fxg6+ fxg6 28. e5 $1 {[%mdl 64] Discovered Attack} Bxg2 $2 (28... Be8 $16 {is a better defense.} 29. exf6 Nxd2) 29. Qxg6+ $18 {[%mdl 64] Double Attack} (29. Kxg2 Qa8+ 30. Kg1 Qe8 $11) 29... Kh8 30. Nxe6 ({Less strong is} 30. Kxg2 Nxd2 31. Nd5 Bg5 $16) ({Resist} 30. Nxg2 Bg5 $18) (30. Qxh6+ $142 Kg8 31. Ng6 (31. Kxg2 Bxe5 32. Bc1 Bxf4 $16) (31. exf6 Rxf6 32. Ng6 Rxf1+ $16) 31... dxe5 32. dxe5) 30... Nxe6 31. Rxf6 (31. Qxh6+ $142 Kg8 32. Rxf6 Rxf6 33. exf6 Nxd2 34. Nf4 $1 {[%mdl 512]} Nf3+ 35. Kxg2) 31... Rxf6 $16 32. exf6 {f7 would kill now.} Nxd2 33. Qxh6+ Kg8 {[#]} 34. Qg6+ ({Better is} 34. Nf4 $1 $16 {[%cal Rf4e6][%mdl 512]} Nf3+ 35. Kxg2) 34... Kf8 $11 {White must now prevent ...Qa8.} 35. Qh6+ Kf7 {...Qa8 is the strong threat.} 36. Qxd2 ({White should play} 36. Qh5+ $11 Kxf6 37. Kxg2) 36... Bf3 $36 {[%mdl 2048] Black is pushing.} 37. d5 Nf8 38. Ng3 (38. g5 $11 {was the only way to keep the balance.}) 38... Qxf6 $17 39. Nf5 $2 (39. Qd3 $17 {only move.} Qf4 40. Qf5+ Qxf5 41. Nxf5) 39... Be4 $19 40. Ng3 Bg6 41. Qe3 Nh7 42. h4 Qxh4 43. Qe6+ Kg7 44. Qd7+ (44. Qxd6 $142 Qxg4 45. Qe5+ Nf6 46. Kf2) 44... Kh6 45. Qxd6 Qxg4 46. Kf2 c4 $2 (46... Ng5 $19 {Hoping for ...Qf3+.} 47. Qf8+ Kh7 48. Qe7+ Bf7) 47. Qe5 (47. Ke3 $1 $15) 47... Qh4 {And now ...Nf6 would win.} 48. d6 (48. Ke3 $17 {was forced.}) 48... Nf6 49. Kf3 Qg4+ 50. Kf2 {[#]} (50. Ke3 $17) 50... Qh4 $1 {( -> ...Ng4+)} 51. Kf3 $1 Bd3 52. Qf4+ $2 {[%mdl 8192]} (52. Nf5+ $17 Bxf5 53. Qxf5) 52... Qg5 53. Qe3 $2 (53. Qd4 Qg7 54. Ne2) 53... Kg6 54. Qxg5+ Kxg5 55. Ke3 Kg4 56. Nh1 Kf5 57. Nf2 Bf1 $2 (57... Bc2 $19 {aiming for ...Ke5.} 58. Kd4 Bb3) 58. Kd4 $11 {The position is equal.} Ke6 59. Nd1 $1 Ng4 {[#]} 60. d7 $1 {[%mdl 512]} Kxd7 {Strongly threatening ...Kd6.} 61. Nb2 {Accuracy: White = 28%, Black = 46%.} 1/2-1/2

[Event "Superbet Blitz GCT 2019"]
[Site "Bucharest"]
[Date "2019.11.10"]
[Round "13"]
[White "Aronian, Levon"]
[Black "Karjakin, Sergey"]
[Result "0-1"]
[WhiteElo "2772"]
[BlackElo "2754"]
[Annotator "TA"]
[PlyCount "114"]
[EventDate "2019.11.09"]
[EventType "tourn"]
[EventCountry "ROU"]
[SourceTitle "playchess.com"]
[Source "ChessBase"]
[SourceQuality "1"]

{[%evp 17,114,0,0,0,0,0,9,0,2,7,7,0,0,0,5,6,8,14,14,15,22,0,0,0,16,12,24,24,19,13,15,11,12,17,5,0,0,0,0,0,7,0,0,0,0,0,0,0,0,0,0,0,0,-75,-81,-136,-137,-139,-139,-129,-133,-132,-75,-75,-75,-175,-174,-275,-197,-541,-541,-12838,-12839,-12851,-12851,-12851,-27999,-12851,-12851,-12851,-12851,-12851,-12851,-12851,-27999,-12851,-29972,-12851,-29969,-12851,-29970,-12851,-27999,-12851,-29978,-12851,-27999,-12851,-29985]} 1. e4 e5 2. Nf3 Nc6 3. Bc4 Bc5 4. c3 Nf6 5. d4 exd4 6. e5 d5 7. Bb5 Ne4 8. cxd4 Bb6 9. Nc3 O-O 10. Be3 {C54: Giuoco Piano: 4 c3 Nf6, main lines with 5 d4 and 5 d3} Bg4 11. h3 Bh5 12. Qc2 {The position is equal.} Nxc3 13. bxc3 f6 14. exf6 Qxf6 15. Be2 Rae8 16. O-O {[#]} h6 $146 ({Predecessor:} 16... Kh8 17. a4 Bg6 {1-0 (41) Jones,G (2682)-Jakovenko,D (2735) St Petersburg 2018}) 17. Rae1 Qd6 18. Bc1 Re6 19. Nh4 (19. Bd1 {looks sharper.} Bg6 20. Rxe6 Qxe6 21. Qd2 Be4 22. Ba3) 19... Bxe2 20. Rxe2 Rxe2 21. Qxe2 Qf6 22. Nf3 Na5 23. Ba3 Rb8 24. Ne5 {Threatens to win with Nd7.} Re8 25. Qh5 Re6 26. f4 Nc4 27. Nxc4 dxc4 28. Qd5 Kh8 29. Bc1 Re2 30. Qxc4 Rc2 {aiming for ...Rxc3!} 31. Be3 Qc6 32. Qxc6 bxc6 $11 {[%mdl 4096] Endgame KRB-KRB} 33. a4 Rxc3 34. Kf2 Rc4 35. Ra1 (35. Rc1 $11 {keeps the balance.} Rxa4 36. Rxc6) 35... Rxd4 $17 36. a5 {[#]} (36. Kf1 $142 Re4 37. Bd2) 36... Rxf4+ $1 37. Ke2 Bxe3 38. Kxe3 {KR-KR} Rf5 39. Rc1 {[#]} Rxa5 (39... c5 $142 $1 40. Kd3 Kh7) 40. Rxc6 Re5+ 41. Kd4 (41. Kf3 $17) 41... Re2 $19 42. g4 (42. g3 $142) 42... Rh2 43. Rxc7 $2 (43. Rc3) 43... Rxh3 44. g5 hxg5 45. Rxa7 Kh7 46. Ra6 Rf3 47. Ke4 Rf6 48. Ra1 Kg6 49. Ke3 g4 50. Rg1 Kg5 51. Ke2 Kh4 (51... g6 $19 52. Ke3 Kh4 53. Rh1+ Kg3) 52. Rh1+ Kg3 53. Rh7 g6 54. Rh6 Kg2 55. Rh4 g3 56. Rg4 Kh3 57. Rg5 g2 {Accuracy: White = 37%, Black = 71%.} 0-1